| 000 | 00771nam a2200241Ia 4500 | ||
|---|---|---|---|
| 005 | 20260430150327.0 | ||
| 008 | 008 250103s9999 xx 000 0 eng d | ||
| 037 | _aTheses | ||
| 040 | _aCRL | ||
| 040 | _beng | ||
| 040 | _ceng | ||
| 041 | _2eng | ||
| 041 | _aeng | ||
| 084 | _qCRL | ||
| 100 |
_aGawande Gautam Au.; Kapoor Sanjay Gu. _91237155 |
||
| 245 | 0 | _aCharacterization of Os MADS29 Function in Arabidopsis, OsAGO3 in Rice and Determination of OSL19 and 22 as Components of the anther- specific E3 Ligase SCF Complex | |
| 260 | _c2022 | ||
| 300 | _a104 | ||
| 650 | _aBiology; Plants | ||
| 700 | _aUniversity of Delhi. Faculty of Inter- Disciplinary & Applied Science. Deptt. of Plant Moleculer Biology | ||
| 942 | _cTH | ||
| 999 |
_c1849519 _d1849519 |
||